000 00208 a2200109 4500
020 _a9780399242076
041 _aeng
100 _aEric Carle
245 _aVery Hungry Caterillar
942 _cBK
952 _71
999 _c22774
_d22774